Online
Catalog

Régimen de encaje legal de los bancos comerciales. (Record no. 30491)

MARC details
000 -CABECERA
campo de control de longitud fija 00512nam a2200157 a 4500
001 - NÚMERO DE CONTROL
campo de control 000030999
005 - FECHA Y HORA DE LA ÚLTIMA TRANSACCIÓN
campo de control 20250307114820.0
008 - DATOS DE LONGITUD FIJA--INFORMACIÓN GENERAL
campo de control de longitud fija 110609s1986 dr a 000 | spa d
040 ## - FUENTE DE LA CATALOGACIÓN
Centro catalogador/agencia de origen DO-SdBNP
Lengua de catalogación spa
Centro/agencia transcriptor BNPHU
082 ## - NÚMERO DE LA CLASIFICACIÓN DECIMAL DEWEY
Número de clasificación xxx
Número de documento/Ítem C397r
049 ## - FONDOS LOCALES (OCLC)
Fondos de biblioteca BNPD
110 2# - ENTRADA PRINCIPAL--NOMBRE DE ENTIDAD CORPORATIVA
Nombre de entidad corporativa o nombre de jurisdicción como elemento de entrada Centro de Estudios Monetarios y Bancarios (Santo Domingo, República Dominica)
9 (RLIN) 6023
245 10 - MENCIÓN DE TÍTULO
Título Régimen de encaje legal de los bancos comerciales.
260 ## - PUBLICACIÓN, DISTRIBUCIÓN, ETC.
Lugar de publicación, distribución, etc. Santo Domingo :
Nombre del editor, distribuidor, etc. Editora La Palabra,
Fecha de publicación, distribución, etc. 1986.
300 ## - DESCRIPCIÓN FÍSICA
Extensión 59 p. :
Otras características físicas il. ;
Dimensiones 21 cm.
Holdings
Estado de retiro Estado de pérdida No para préstamo Código de colección Localización permanente Ubicación/localización actual Ubicación en estantería Fecha de adquisición Número de inventario Total de préstamos Signatura topográfica completa Código de barras Fecha visto por última vez Precio válido a partir de Tipo de ítem Koha
    Excluido de préstamo Patrimonio Dominicano Patrimonio Dominicano Patrimonio Dominicano En catalogación 09.06.2011 LF1   xxx C397r 30999-10 25.06.2020 25.06.2020 Libro y Folleto Colección Patrimonio Dominicano

Powered by Koha